| 000 | 00525 a2200157 4500 | ||
|---|---|---|---|
| 020 | _a0789546183 | ||
| 040 |
_aDLC _bDLC |
||
| 082 | _a004 | ||
| 100 | _aShelly, Gary B. | ||
| 245 |
_aDiscovering computers 2000 :concepts for a connected world _cGary B. Shelly |
||
| 260 |
_aBoston, MA : _bCourse Technology, _cc2000. |
||
| 300 |
_a1 v. (various pagings) : _bcol. ill. ; _c28 cm. |
||
| 500 | _aIncludes Index | ||
| 650 | _a1. Computers. 2. Electronic data processing. 3. Internet. 4. World Wide Web. | ||
| 942 |
_cBK _k004 SHE _2ddc |
||
| 999 |
_c5304 _d5304 |
||